000 01062cam a22003374a 4500
001 13599685
005 20180110073914.0
008 040520s2005 paua b 001 0 eng
010 _a 2004050808
020 _a072160479X (Single vol.)
020 _a0721605095 (2 vol. set)
020 _a0808923056 (International ed.)
020 _a080892334X (Indian ed.)
020 _a1416000380 (2 v. edition)
020 _a1416000143 (single v. edition)
035 _a(DNLM)101218452
040 _aDNLM/DLC
_cDLC
041 _aeng
042 _apcc
060 1 0 _a616.12
_bB825 2005
080 _a616.12
082 0 0 _a616.12 ZIP
_222
100 _a7
101 _aKAR
245 0 0 _aBraunwald's heart disease :
_cedited by Douglas P. Zipes ... [et al.].
246 3 0 _aHeart disease
504 _aIncludes bibliographical references and index.
906 _a7
_bcbc
_corignew
_d1
_eocip
_f20
_gy-gencatlg
942 _2ddc
_cBK
999 _c40003
_d40003